[Event "Nibelungen Seniors op 2nd"]
[Site "Worms"]
[Date "2005.10.03"]
[Round "6"]
[White "Goelz, Daniel"]
[Black "Poor, Otto"]
[Result "0-1"]
[WhiteElo "1898"]
[BlackElo "2091"]
[PlyCount "80"]
[EventDate "2005.09.30"]
[EventType "swiss"]
[EventRounds "7"]
[EventCountry "GER"]
[SourceTitle "EXT 2007"]
[Source "ChessBase"]
[SourceDate "2006.11.23"]
[SourceVersion "1"]
[SourceVersionDate "2006.11.23"]
[SourceQuality "1"]

1. e4 d6 2. d4 Nf6 3. Nc3 g6 4. g3 Bg7 5. Bg2 0-0 6. Nge2 Nbd7 7. 0-0 c5 8. h3 Rb8 9. Be3 b6 10. f4 Bb7 11. g4 cxd4 12. Bxd4 Nc5 13. Ng3 Ne6 14. Be3 a6 15. f5 Nc5 16. Bd4 Ncd7 17. g5 Ne8 18. Nce2 Ne5 19. Nf4 Ba8 20. h4 Nc7 21. a4 b5 22. a5 b4 23. fxg6 hxg6 24. h5 Nb5 25. Bxe5 Bxe5 26. hxg6 fxg6 27. Qg4 Rxf4 28. Rxf4 Bxf4 29. Qxf4 e5 30. Qh4 Qe7 31. Bh3 Nd4 32. Kg2 d5 33. Qh6 Qg7 34. Qxg7+ Kxg7 35. c3 bxc3 36. bxc3 Rb2+ 37. Kf1 Nc2 38. Ra4 Bc6 39. Rb4 Nxb4 40. cxb4 dxe4 0-1

[Event "GER-ch U25"]
[Site "Willingen"]
[Date "2005.05.19"]
[Round "7"]
[White "Goelz, Daniel"]
[Black "Lantzsch, Christian"]
[Result "0-1"]
[WhiteElo "1809"]
[BlackElo "2141"]
[PlyCount "64"]
[EventDate "2005.05.14"]
[EventType "swiss"]
[EventRounds "9"]
[EventCountry "GER"]
[SourceTitle "CBM 106 Extra"]
[Source "ChessBase"]
[SourceDate "2005.07.01"]
[SourceVersion "1"]
[SourceVersionDate "2005.07.01"]
[SourceQuality "1"]

1. e4 e6 2. Qe2 c5 3. f4 Nc6 4. Nf3 Be7 5. d3 d5 6. e5 Nh6 7. g3 Nf5 8. c3 b5 9. Bg2 h5 10. 0-0 Qb6 11. Nbd2 a5 12. Re1 Ba6 13. Nf1 d4 14. h3 Rd8 15. g4 hxg4 16. hxg4 Nh6 17. N1h2 a4 18. f5 c4 19. Bxh6 gxh6 20. Nxd4 Rxd4 21. cxd4 Nxd4 22. Qf2 Bh4 23. Bc6+ Qxc6 24. Qxh4 Bb7 25. Re4 cxd3 26. fxe6 Qxe4 27. exf7+ Kd7 28. Qh3 Qh1+ 29. Kf2 Qxa1 30. e6+ Ke7 31. Qh4+ Kxe6 32. Ke3 Qe1+ 0-1